000 00416nam a2200157Ia 4500
008 120927t1988 xxu||||| |||| 00| 0 sin d
041 _asin
080 _a8 S [3-053.2][59] (Youth)
_bGUN
245 _aකඩදාසි බෝට්ටු
246 _aKadadasi Bottu
260 _aGodage
_aColombo
_c1988
300 _b140p, ill, 18 cm
942 _cBK
999 _c39845
_d39845
003 LK-CoDNM
040 _aLK-CoDNM
_dLK-CoDNM
_eLK-CoDNM